Multiple Choice Christmas Songs Quiz Stats

 Plays Quiz not verified by Sporcle

Support Sporcle.
Go Orange.
Score 0/20 Timer 05:00
0 Plays Today
Question Answer Wrong Answers
Who is coming to town? Santa Claus
84.3%
Frosty the Snowman
1.2%
Rudolph the Red-nosed Reindeer
1.2%
Mary
0.3%
What does Mariah Carey want for Christmas? You
83.2%
Yo
1.2%
Ewe
0.5%
Me
0.9%
What wonderland am I walking through? Winter
82.9%
Christmas
1.4%
Snowy
1%
White
1.7%
What kind of nuts are roasting on an open fire? Chestnuts
81.8%
Walnuts
2.2%
Peanuts
1%
Pecans
0.8%
How many kings of 'Orient' are there? Three
79.4%
Four
3.4%
Eleven
1.7%
Two
1%
Which color Christmas is Bing Crosby singing about? White
77.8%
Gold
1.5%
Silver
3.6%
Blue
3.6%
Which color bells are ringing in the city? Silver
75.8%
Blue
1.9%
Gold
6%
White
2.6%
What question did Band Aid, in a charity song, sing over and over again, not realizing that many of the countries they are helping are either tropical and/or not Christian? Do They Know It's Christmas?
73.8%
Has Santa Come?
1.5%
Do They Know Jesus?
5.3%
Do They Know It's Snowing?
5.6%
Which family member got ran over by Santa and his reindeer? Grandma
71.1%
Grandpa
7%
Uncle Bob
4.7%
Cousin Eddie
3.6%
Which already creepy Christmas song is rendered even creepier by a version with Rod Stewart singing to Dolly Parton? Baby, It's Cold Outside
71.1%
All I Want For Christmas is My Two Front Teeth
9.5%
Carol of the Bells
2.1%
Winter Wonderland
2.6%
Which Christmas is George Michael singing about? Last Christmas
70.4%
This Christmas
8.3%
Next Christmas
3.8%
Lonely Christmas
3.3%
Which color Christmas is Elvis singing about? Blue
69.8%
White
12.8%
Gold
2.3%
Silver
2%
What kind of Christmas is Burl Ives wishing you? Holly Jolly
67.9%
Very Merry
14%
Silly Willy
1.4%
Holy Holy
2.9%
Dominick was which 'Christmas' barnyard animal? Donkey
67.2%
Duck
8.7%
Horse
4.9%
Cow
4.7%
Which rock star gets WAY too into singing 'Santa Claus is Coming to Town'? Bruce Springsteen
63.3%
Bob Dylan
6.4%
Jimi Hendrix
7.2%
Eddie Vedder
8.6%
How was Paul McCartney having his Christmastime? Simply
57.3%
Emotionally
1.7%
Heavenly
8.3%
Lonely
18.8%
What old hymn is sung at the end of 'A Charlie Brown Christmas'? Hark the Herald Angels Sing
42.2%
O Little Town of Bethlehem
20.4%
Away in a Manger
11.2%
The First Noel
12%
What did Frosty, according to the song and NOT the cartoon, have? Scarf
36.2%
Pipe
13.3%
Silk Hat
12.8%
Button Nose
23.3%
Which song was parodied into a song about working at Burger King? Carol of the Bells
34.3%
Silver Bells
13.6%
Winter Wonderland
16.4%
Let it Snow
21%
What Christmas classic is Cartman electrocuted with a cattle prod because he can't sing it correctly? O Holy Night
31.4%
Silent Night
21%
Jingle Bells
19.6%
Hark the Herald Angels Sing
12.5%

You're not logged in!

Compare scores with friends on all Sporcle quizzes.
OR
Log In

From the Vault

Inverted Science Fiction Movies

by Cutthroat

A lot of these movies looked weird enough in their original colors!
Remove Ads.
Support Sporcle.
Get the best of Sporcle when you Go Orange. This ad-free experience offers more features, more stats, and more fun while also helping to support Sporcle. Thank you for becoming a member.

Show Comments

Extras

Top Quizzes Today


Score Distribution

Your Account Isn't Verified!

In order to create a playlist on Sporcle, you need to verify the email address you used during registration. Go to your Sporcle Settings to finish the process.

Report this User

Report this user for behavior that violates our Community Guidelines.

Details: